أدب و مسرح الطفل في الأردن : (رقم التسجيلة. 53643)

تفاصيل مارك
000 -LEADER
fixed length control field 00743nam a22002177a 4500
005 - DATE AND TIME OF LATEST TRANSACTION
control field 20251108171001.0
008 - FIXED-LENGTH DATA ELEMENTS--GENERAL INFORMATION
fixed length control field 250721s2002 xx 000 0 ara d
082 14 - DEWEY DECIMAL CLASSIFICATION NUMBER
Classification number 810.9282/ملت
100 1# - MAIN ENTRY--PERSONAL NAME
Personal name صبيح، إبراهيم
245 10 - TITLE STATEMENT
Title أدب و مسرح الطفل في الأردن :
Remainder of title أوراق ملتقيات عمان الإبداعية و ملتقى أدب و مسرح الطفل في الأردن /
264 1# - PRODUCTION, PUBLICATION, DISTRIBUTION, MANUFACTURE, AND COPYRIGHT NOTICE
Place of production, publication, distribution, manufacture عمان :
Name of producer, publisher, distributor, manufacturer اللجنة الوطنية،
Date of production, publication, distribution, manufacture, or copyright notice 2002.
300 ## - PHYSICAL DESCRIPTION
Extent 273ص.
650 17 - SUBJECT ADDED ENTRY--TOPICAL TERM
Topical term or geographic name as entry element الأدب العربي
650 17 - SUBJECT ADDED ENTRY--TOPICAL TERM
Topical term or geographic name as entry element المسرح
650 17 - SUBJECT ADDED ENTRY--TOPICAL TERM
Topical term or geographic name as entry element الأطفال
650 17 - SUBJECT ADDED ENTRY--TOPICAL TERM
Topical term or geographic name as entry element الأردن
700 1# - ADDED ENTRY--PERSONAL NAME
Personal name ناجي، حسن
700 1# - ADDED ENTRY--PERSONAL NAME
Personal name يوسف، عبد التواب
942 ## - ADDED ENTRY ELEMENTS (KOHA)
Source of classification or shelving scheme Dewey Decimal Classification
Koha item type كتب
المقتنيات
حالة السحب حالة الفقدان مصدر التصنيف حالة التلف غير قابل للإعارة المكتبة الرئيسية المكتبة الحالية موقع الرف تاريخ التزويد الرقم المتسلسل Total Checkouts رقم الإستدعاء تاريخ آخر ظهور تاريخ الفاتورة نوع المادة (كوها) الباركود
    Dewey Decimal Classification Unchecked   المكتبة المركزية المكتبة المركزية الإعارة 06/07/2004 586938   810.9282/ملت 28/07/2025 06/07/2004 كتب  
    Dewey Decimal Classification     المكتبة المركزية المكتبة المركزية مقتنيات قسم التزويد 06/07/2004 586937   810.9282/ملت 28/07/2025 06/07/2004 كتب 586937
    Dewey Decimal Classification     مكتبة أم قصير والمقابلين العامة مكتبة أم قصير والمقابلين العامة الإعارة 22/07/2008 586939   810.9282/ملت 28/07/2025 22/07/2008 كتب PLD00030112
    Dewey Decimal Classification Unchecked   مكتبة حمزة العامة مكتبة حمزة العامة الإعارة 28/07/2025 586936   810.9282/ملت 28/07/2025 28/07/2025 كتب  
    Dewey Decimal Classification     مكتبة صويلح العامة مكتبة صويلح العامة الإعارة 06/07/2004 586931   810.9282/ملت 28/07/2025 06/07/2004 كتب 586931
Implemented & Customized by: BBB with SCIT (Smart Chains for Information Technology)

Powered by Koha